Karen's goldfish / (Record no. 1004)

MARC details
000 -LEADER
fixed length control field 01041cam a22002893a 4500
005 - DATE AND TIME OF LATEST TRANSACTION
control field 20230718101848.0
020 ## - INTERNATIONAL STANDARD BOOK NUMBER
International Standard Book Number 0590436449 :
Terms of availability $2.75 ($3.50 Can.)
020 ## - INTERNATIONAL STANDARD BOOK NUMBER
International Standard Book Number 9780590436441
040 ## - CATALOGING SOURCE
Original cataloging agency JED
Transcribing agency JED
Modifying agency OHI
-- BTCTA
-- BAKER
-- DLC
Language of cataloging eng
050 00 - LIBRARY OF CONGRESS CALL NUMBER
Classification number CPB Box no. 2576 vol. 29
100 1# - MAIN ENTRY--PERSONAL NAME
Personal name Martin, Ann M.,
Dates associated with a name 1955-
245 10 - TITLE STATEMENT
Title Karen's goldfish /
Statement of responsibility, etc. Ann M. Martin ; illustrations by Susan Tang.
260 ## - PUBLICATION, DISTRIBUTION, ETC.
Place of publication, distribution, etc. New York :
Name of publisher, distributor, etc. Scholastic,
Date of publication, distribution, etc. 1991.
300 ## - PHYSICAL DESCRIPTION
Extent 98 pages.
Other physical details illustrations. ;
Dimensions 20 cm.
490 1# - SERIES STATEMENT
Series statement Baby-sitters little sister ;
Volume/sequential designation #16
500 ## - GENERAL NOTE
General note "A Little Apple paperback."
505 ## - FORMATTED CONTENTS NOTE
Formatted contents note N <br/>
520 ## - SUMMARY, ETC.
Summary, etc. Karen and her little brother Andrew are getting goldfish for pets. When something happens to Karen's goldfish Crystal Light, Karen is so sad.
521 ## - TARGET AUDIENCE NOTE
Target audience note 570 <br/>
Source Lexile <br/>
521 ## - TARGET AUDIENCE NOTE
Target audience note N <br/>
Source Raz-Plus <br/>
655 #7 - INDEX TERM--GENRE/FORM
Genre/form data or focus term Children's stories.
Source of term lcsh
700 1# - ADDED ENTRY--PERSONAL NAME
Personal name Tang, Susan.
906 ## - LOCAL DATA ELEMENT F, LDF (RLIN)
a 7
b cbc
c copycat
d 2
e ncip
f 20
g y-genrareb
942 ## - ADDED ENTRY ELEMENTS (KOHA)
Source of classification or shelving scheme Dewey Decimal Classification
Koha item type Books
Suppress in OPAC No
999 ## -
-- 1004
-- 1004

No items available.